000 02265cam a22004814i 4500
003 PE-LiUPU
005 20250731173357.0
008 150706s r 000 0 d
020 _a9780310264491
035 _a(Sirsi) i9780310264491
040 _aPE-LiUPU
_bspa
_cPE-LiUPU
_erda
049 _aPRUA
082 0 4 _a270
_bS31
_221
100 1 _aSchmidt, alvin J.,
_eautor.
245 1 0 _aHow christianity changed the world :
_bformerly titled under the influence /
_cAlvin J. Schmidt.
264 1 _aGrand Rapids :
_b Zondervan Publishing House,
_c2001.
300 _a441 páginas :
_bilustraciones ;
_c23 centímetros
336 _atext
_2rdacontent
337 _aunmediated
_2rdamedia
338 _avolume
_2rdacarrier
504 _aIncluye notas bibliográficas.
505 0 _aPeople transformed by Jesus Christ -- The santification of human life -- Christianity elevates sexual morality -- Women receive freedom and dignity -- Charity and compassion: their christian connection -- Hospitals and health care: their christian roots -- Christianity's imprint on education -- Labor and economic freedom dignified -- Science: its christian connections -- Liberty and justice for all -- Slavery abolished: a christian achievement -- Christianity's stamp on art and architecture -- The sound of music: its christian resonance -- Hallmarks of literature: their christian imprint -- Additional influence: holidays, words, symbols, and expressions.
526 _aSEG42
526 _aSEG41
526 _aSEG40
526 _aSEG39
526 _aP94
526 _aP87
526 _aP86
526 _aP85
526 _aP77
526 _aP76
526 _aP35
541 _g184;
650 0 4 _aCivilización cristiana.
650 0 4 _aCristianismo
_xInfluencia.
910 _agl
_bjck
_d20101215
942 _2ddc
_cBOOK
949 _a270 S31
_wDEWEY
_c1
_i62396
_lCCODEBUL1
_mBUL
_p20.00
_r0
_sY
_tBOOK
_u2015-7-6
_xTEOLOGIA
_PP35
_0COMPRA
_o.STAFF. Colección General
994 _aC0
_bPEPRU
596 _a1
999 _a270 S31
_wDEWEY
_c51425
_i62396
_d51425
_f2021-11-11
_g5
_lCCODEBUL1
_mBUL
_p20.00
_q1
_r0
_sY
_tBOOK
_u2015-7-6
_xTEOLOGIA
_PP35
_0COMPRA
_o.STAFF. Colección General
980 _81
_gALBERTO SANCHEZ Responsable de Automatización